| 000 -LEADER |
| fixed length control field |
03021cas a2200733 i 4500 |
| 001 - CONTROL NUMBER |
| control field |
19962155 |
| 003 - CONTROL NUMBER IDENTIFIER |
| control field |
NUST |
| 005 - DATE AND TIME OF LATEST TRANSACTION |
| control field |
20191028124143.0 |
| 006 - FIXED-LENGTH DATA ELEMENTS--ADDITIONAL MATERIAL CHARACTERISTICS |
| fixed length control field |
innnn j n |
| 007 - PHYSICAL DESCRIPTION FIXED FIELD--GENERAL INFORMATION |
| fixed length control field |
sd fungnnmmneu |
| 008 - FIXED-LENGTH DATA ELEMENTS--GENERAL INFORMATION |
| fixed length control field |
100329c20109999nyuuu 0 a0eng |
| 010 ## - LIBRARY OF CONGRESS CONTROL NUMBER |
| LC control number |
2017205513 |
| 022 0# - INTERNATIONAL STANDARD SERIAL NUMBER |
| International Standard Serial Number |
2574-4321 |
| Source |
1 |
| 035 ## - SYSTEM CONTROL NUMBER |
| System control number |
(OCoLC)ocn604638798 |
| 037 ## - SOURCE OF ACQUISITION |
| Source of stock number/acquisition |
Barron's Educational Series, 250 Wireless Blvd., Hauppauge, N.Y. 11788 |
| 038 ## - RECORD CONTENT LICENSOR |
| Staff Name |
MSOHAIL |
| 040 ## - CATALOGING SOURCE |
| Original cataloging agency |
CO3 |
| Language of cataloging |
eng |
| Description conventions |
rda |
| Transcribing agency |
CO3 |
| Modifying agency |
OCLCQ |
| -- |
SO$ |
| -- |
OCLCO |
| -- |
OCLCF |
| -- |
OCLCO |
| -- |
GO4 |
| -- |
OCLCO |
| -- |
CNKFP |
| -- |
CGP |
| -- |
OCLCO |
| -- |
DLC |
| 042 ## - AUTHENTICATION CODE |
| Authentication code |
pcc |
| -- |
nsdp |
| 050 00 - LIBRARY OF CONGRESS CALL NUMBER |
| Classification number |
PE1128 |
| Item number |
.B37 |
| 082 10 - DEWEY DECIMAL CLASSIFICATION NUMBER |
| Classification number |
428 |
| Edition number |
14 |
| 082 04 - DEWEY DECIMAL CLASSIFICATION NUMBER |
| Classification number |
428.0076 |
| Edition number |
23 |
| 100 ## - MAIN ENTRY--PERSONAL NAME |
| Personal name |
Pamela J. Sharpe |
| 9 (RLIN) |
24855 |
| 130 0# - MAIN ENTRY--UNIFORM TITLE |
| Uniform title |
Barron's TOEFL iBT (Print with audio discs) |
| 9 (RLIN) |
24856 |
| 222 #0 - KEY TITLE |
| Key title |
Barron's TOEFL iBT |
| 245 00 - TITLE STATEMENT |
| Title |
Barron's TOEFL iBT : |
| Remainder of title |
Internet-based test. |
| 246 30 - VARYING FORM OF TITLE |
| Title proper/short title |
TOEFL iBT |
| 250 ## - EDITION STATEMENT |
| Edition statement |
14th |
| 264 #1 - PRODUCTION, PUBLICATION, DISTRIBUTION, MANUFACTURE, AND COPYRIGHT NOTICE |
| Place of production, publication, distribution, manufacture |
Hauppauge, NY : |
| Name of producer, publisher, distributor, manufacturer |
Barron's Educational Series, |
| Date of production, publication, distribution, manufacture, or copyright notice |
[2010]- |
| 300 ## - PHYSICAL DESCRIPTION |
| Extent |
p;808, : |
| Other physical details |
illustrations ; |
| Dimensions |
28 cm + |
| 336 ## - CONTENT TYPE |
| Content type term |
text |
| Content type code |
txt |
| Source |
rdacontent |
| 336 ## - CONTENT TYPE |
| Content type term |
spoken word |
| Content type code |
spw |
| Source |
rdacontent |
| 337 ## - MEDIA TYPE |
| Media type term |
unmediated |
| Media type code |
n |
| Source |
rdamedia |
| 337 ## - MEDIA TYPE |
| Media type term |
audio |
| Media type code |
s |
| Source |
rdamedia |
| 338 ## - CARRIER TYPE |
| Carrier type term |
volume |
| Carrier type code |
nc |
| Source |
rdacarrier |
| 338 ## - CARRIER TYPE |
| Carrier type term |
audio disc |
| Carrier type code |
sd |
| Source |
rdacarrier |
| 344 ## - SOUND CHARACTERISTICS |
| Type of recording |
digital |
| Recording medium |
optical |
| Source |
rda |
| 347 ## - DIGITAL FILE CHARACTERISTICS |
| File type |
audio file |
| Encoding format |
CD audio |
| Source |
rda |
| 362 0# - DATES OF PUBLICATION AND/OR SEQUENTIAL DESIGNATION |
| Dates of publication and/or sequential designation |
13th edition- |
| 500 ## - GENERAL NOTE |
| General note |
"Ten enclosed audio CD's present audio prompts for practice tests' listening, speaking, and writing sections"--Cover. |
| 500 ## - GENERAL NOTE |
| General note |
Volumes for 2010- by Pamela J. Sharpe. |
| 588 ## - SOURCE OF DESCRIPTION NOTE |
| Source of description note |
Description based on: 13th edition (copyrighted 2010). |
| 588 ## - SOURCE OF DESCRIPTION NOTE |
| Source of description note |
Latest issue consulted: 13th edition (copyrighted 2010). |
| 650 #0 - SUBJECT ADDED ENTRY--TOPICAL TERM |
| Topical term or geographic name entry element |
Test of English as a Foreign Language |
| Form subdivision |
Study guides. |
| 9 (RLIN) |
24857 |
| 650 #0 - SUBJECT ADDED ENTRY--TOPICAL TERM |
| Topical term or geographic name entry element |
English language |
| General subdivision |
Examinations |
| Form subdivision |
Study guides. |
| 9 (RLIN) |
24858 |
| 650 #0 - SUBJECT ADDED ENTRY--TOPICAL TERM |
| Topical term or geographic name entry element |
English language |
| Form subdivision |
Textbooks for foreign speakers. |
| 9 (RLIN) |
13132 |
| 650 #7 - SUBJECT ADDED ENTRY--TOPICAL TERM |
| Topical term or geographic name entry element |
English language. |
| Source of heading or term |
fast |
| Authority record control number or standard number |
(OCoLC)fst00910920 |
| 9 (RLIN) |
309 |
| 650 #7 - SUBJECT ADDED ENTRY--TOPICAL TERM |
| Topical term or geographic name entry element |
English language |
| General subdivision |
Examinations. |
| Source of heading or term |
fast |
| Authority record control number or standard number |
(OCoLC)fst00911153 |
| 9 (RLIN) |
24859 |
| 650 #7 - SUBJECT ADDED ENTRY--TOPICAL TERM |
| Topical term or geographic name entry element |
Test of English as a Foreign Language. |
| Source of heading or term |
fast |
| Authority record control number or standard number |
(OCoLC)fst01148211 |
| 9 (RLIN) |
24860 |
| 650 #5 - SUBJECT ADDED ENTRY--TOPICAL TERM |
| Topical term or geographic name entry element |
English language |
| Form subdivision |
Textbooks for second language learners. |
| 9 (RLIN) |
24861 |
| 655 #7 - INDEX TERM--GENRE/FORM |
| Genre/form data or focus term |
Study guides. |
| Source of term |
lcgft |
| 9 (RLIN) |
24862 |
| 655 #7 - INDEX TERM--GENRE/FORM |
| Genre/form data or focus term |
Examinations. |
| Source of term |
lcgft |
| 9 (RLIN) |
24863 |
| 655 #7 - INDEX TERM--GENRE/FORM |
| Genre/form data or focus term |
Serial publications. |
| Source of term |
lcgft |
| 9 (RLIN) |
24864 |
| 655 #4 - INDEX TERM--GENRE/FORM |
| Genre/form data or focus term |
English as a second language. |
| 9 (RLIN) |
24865 |
| 655 #4 - INDEX TERM--GENRE/FORM |
| Genre/form data or focus term |
Reading program version. |
| 9 (RLIN) |
24866 |
| 655 #7 - INDEX TERM--GENRE/FORM |
| Genre/form data or focus term |
Serial publications. |
| Source of term |
fast |
| Authority record control number |
(OCoLC)fst01919968 |
| 9 (RLIN) |
24864 |
| 655 #7 - INDEX TERM--GENRE/FORM |
| Genre/form data or focus term |
Study guides. |
| Source of term |
fast |
| Authority record control number |
(OCoLC)fst01423888 |
| 9 (RLIN) |
24862 |
| 655 #7 - INDEX TERM--GENRE/FORM |
| Genre/form data or focus term |
Textbooks |
| Form subdivision |
for foreign speakers. |
| Source of term |
fast |
| Authority record control number |
(OCoLC)fst01423864 |
| 9 (RLIN) |
24867 |
| 700 1# - ADDED ENTRY--PERSONAL NAME |
| Personal name |
Sharpe, Pamela J., |
| Relator term |
author. |
| 9 (RLIN) |
24868 |
| 780 00 - PRECEDING ENTRY |
| Title |
How to prepare for the TOEFL iBT (Print with compact discs) |
| Record control number |
(OCoLC)66530093 |
| 906 ## - LOCAL DATA ELEMENT F, LDF (RLIN) |
| a |
7 |
| b |
cbc |
| c |
serasst |
| d |
2 |
| e |
ncip |
| f |
20 |
| g |
n-oclcserc |
| 942 ## - ADDED ENTRY ELEMENTS (KOHA) |
| Source of classification or shelving scheme |
|
| Koha item type |
Book |